00732nam a22002057a 450000500170000001000150001702000260003203500140005803700090007208200130008110000230009424500580011725000060017526000390018127000870022030000200030794200240032799900190035195201560037020260212104619.0 aENG-147841 a9789391962609c995.00 aEN-131373 bDBAD a332.621 aKalra, Kush987307 aSustainable Finance and Impact Investing/cKush Kalra a1 aNew DelhibAvni Publicationsc2025 aRZ-45D, Street No. 2, Main SagarpurbNew Delhie110046mavnipublications@gmail.com a296p.c22cm(hb) 2ddccENh336.6mKAL c214814d214814 001040708NFICaBL1bBL1d2026-02-12eDelivery of Books Act Divisiong995.00l0o336.6 KALpEN-131373r2026-02-12 00:00:00t1v995.00w2026-02-12yEN